00692nam a2200229 a 4500001001300000003000900013005001700022008004100039020002600080082001600106100002100122245002300143260002900166300000900195500003500204505003700239650004000276902000800316942000700324952011600331999001500447nice12345678IN_TiNIC20260116011919.0050524s0000 lona grp 000 0 eng  a0856644 c599.6500a297.55bSAR aSardar, Ziauddin aHajj Studies Vol.1 aLondonbCroom Helmc0000 a168p aincludes index and biblioraphy2 aIllus. Bibliography Notes, Indes aMuslim Pilgrims and Pilgrimages-Sau bSRS cBK 001040708StackRoom-aHMIbHMId2008-07-11g599.65l0o297.55 SARp09042r2008-07-11v599.65w2005-05-24yBK c4893d4893